000 00679cab a2200229 4500
001 WB3122-42
008 090401t1995 xxu||||| |||| 00| 0 eng d
035 _a(Sirsi) u70280
041 _aeng
245 _aDrivers Jonas in retail move
260 _c1995
350 _a0
490 _aProperty Week
_v51(10) 8 June 1995, 6(1)
520 _aDrivers Jonas is using retail specialists, Kitchen La Frenais Morgan, for its retail agency work.
650 _aABOUT RICS-RICS MEMBERS
650 _aRETAIL AGENCY
650 _aSPECIALISTS
650 _aSURVEYING FIRMS
690 _aMANAGEMENT-BUSINESS MANAGEMENT-PROFESSIONAL PRACTICE
942 _n0
948 _c04/03/1997
999 _c44196
_d44196